Countries with Two Vowels - Statistics

General Stats
  • This quiz has been taken 90 times
    32 since last reset
  • The average score is 33 of 41
Answer Stats
Answer % Correct
Fiji
94%
France
94%
Spain
94%
Brazil
89%
Chile
89%
China
89%
Denmark
89%
Finland
89%
Iran
89%
Iraq
89%
Italy
89%
Japan
89%
Mali
89%
Norway
89%
Oman
89%
Poland
89%
Sweden
89%
Cuba
83%
Jordan
83%
Malta
83%
Nepal
83%
Peru
83%
Yemen
83%
Bhutan
78%
Gabon
78%
Germany
78%
Laos
78%
Rwanda
78%
Togo
78%
Tonga
78%
Benin
72%
Hungary
72%
Libya
72%
Niger
72%
Qatar
72%
Sudan
72%
Syria
72%
Turkey
72%
Ghana
67%
Kenya
67%
Myanmar
61%
No matching quizzes found
Score Distribution
Percent of People with Each Score
Percentile by Number Answered
Your Score History
You have not taken this quiz since the last reset